[Event "Cologne Longerich op-A 11th"]
[Site "Cologne"]
[Date "2014.08.01"]
[Round "1"]
[White "Heyn, Peter"]
[Black "Gnass, Arno"]
[Result "1/2-1/2"]
[WhiteElo "1882"]
[BlackElo "1761"]
[PlyCount "112"]
[EventDate "2014.08.01"]
[EventType "swiss"]
[EventRounds "5"]
[EventCountry "GER"]
[SourceTitle "EXT 2022"]
[Source "ChessBase"]
[SourceDate "2021.10.06"]
[SourceVersion "1"]
[SourceVersionDate "2021.10.06"]
[SourceQuality "1"]

1. d4 Nf6 2. Nf3 g6 3. c4 Bg7 4. Nc3 d5 5. cxd5 Nxd5 6. e4 Nxc3 7. bxc3 0-0 8. Be2 c5 9. 0-0 Nc6 10. Be3 Qa5 11. Qb3 Rd8 12. Rad1 cxd4 13. cxd4 Qb4 14. h3 Qxb3 15. axb3 b6 16. d5 Nb4 17. Rc1 Ba6 18. Bxa6 Nxa6 19. Rc6 f5 20. exf5 gxf5 21. Bg5 Rxd5 22. Bxe7 Re8 23. Bg5 Rc5 24. Rd6 Rec8 25. Nh4 Bf8 26. Rd3 Rc3 27. Rxc3 Rxc3 28. Ra1 Nc5 29. Rxa7 Ne6 30. Bf6 Rc1+ 31. Kh2 Bd6+ 32. g3 Rc2 33. Kg2 Bc5 34. Be5 Rxf2+ 35. Kh1 Rf1+ 36. Kg2 Rf2+ 37. Kh1 b5 38. Ra6 Rf1+ 39. Kg2 Rf2+ 40. Kh1 Ng5 41. Rf6 Nf7 42. Bf4 Be7 43. Rxf5 Bxh4 44. gxh4 Rf3 45. b4 Rxh3+ 46. Kg2 Rxh4 47. Kg3 Rh1 48. Rxb5 Rb1 49. Rb7 Kg7 50. b5 Kg6 51. b6 Rb3+ 52. Kg2 Rb4 53. Bc7 Rb2+ 54. Kf1 h5 55. Ra7 Nd6 56. Bxd6 Rxb6 1/2-1/2

[Event "Cologne Ford op 17th"]
[Site "Cologne"]
[Date "2011.05.09"]
[Round "4"]
[White "Fokken, Achim"]
[Black "Gnass, Arno"]
[Result "1/2-1/2"]
[WhiteElo "1979"]
[BlackElo "1664"]
[PlyCount "140"]
[EventDate "2011.04.12"]
[EventType "swiss"]
[EventRounds "7"]
[EventCountry "GER"]
[SourceTitle "EXT 2012"]
[Source "ChessBase"]
[SourceDate "2011.11.24"]
[SourceVersion "1"]
[SourceVersionDate "2011.11.24"]
[SourceQuality "1"]

1. e4 c6 2. d4 d5 3. Nc3 g6 4. Nf3 dxe4 5. Nxe4 Bg7 6. Bc4 Nf6 7. Ng3 Bg4 8. c3 0-0 9. 0-0 Nbd7 10. Re1 e6 11. Bf4 Re8 12. h3 Bxf3 13. Qxf3 Nd5 14. Bxd5 cxd5 15. Nf1 g5 16. Bd2 Qf6 17. Qg3 h6 18. Ne3 Qg6 19. f4 Nf6 20. Rad1 Nh5 21. f5 exf5 22. Qf3 Nf6 23. Nxd5 Ne4 24. Bc1 Rac8 25. g4 Qd6 26. Ne3 fxg4 27. hxg4 Qc6 28. Kg2 Nf6 29. d5 Qd7 30. Qf5 Qxf5 31. gxf5 Bf8 32. Kf3 Bc5 33. Nc2 Rxe1 34. Nxe1 g4+ 35. Kg2 h5 36. Bg5 Ne4 37. Bh4 Nd6 38. f6 Ne8 39. Nd3 Bd6 40. Re1 Kh7 41. Ne5 Bxe5 42. Rxe5 Kg6 43. Rg5+ Kh6 44. Rg8 Nd6 45. Bg5+ Kh7 46. Rxc8 Nxc8 47. Kg3 Nb6 48. d6 Nd7 49. c4 Kg6 50. Kf4 g3 51. Bh4 g2 52. Bf2 a6 53. b4 Nxf6 54. Kf3 Kf5 55. Kxg2 Ke4 56. Kh3 Kd3 57. c5 Kc4 58. Be1 a5 59. a3 Kb5 60. Kh4 b6 61. cxb6 Kxb6 62. bxa5+ Ka6 63. Bc3 Nd7 64. Kxh5 Kb7 65. Kh6 Kc6 66. Bb4 f5 67. Kg5 Ne5 68. Kxf5 Nc4 69. Ke6 Nxd6 70. Bxd6 Kb7 1/2-1/2

[Event "Cologne Ford op 17th"]
[Site "Cologne"]
[Date "2011.04.18"]
[Round "2"]
[White "Gnass, Arno"]
[Black "Akstinat, Sven Holger"]
[Result "0-1"]
[WhiteElo "1664"]
[BlackElo "1966"]
[PlyCount "100"]
[EventDate "2011.04.12"]
[EventType "swiss"]
[EventRounds "7"]
[EventCountry "GER"]
[SourceTitle "EXT 2012"]
[Source "ChessBase"]
[SourceDate "2011.11.24"]
[SourceVersion "1"]
[SourceVersionDate "2011.11.24"]
[SourceQuality "1"]

1. d4 e6 2. c4 b6 3. Nf3 Bb7 4. e3 Nf6 5. Nc3 Bb4 6. a3 Bxc3+ 7. bxc3 0-0 8. Bd3 d6 9. 0-0 Nbd7 10. Re1 e5 11. e4 Re8 12. Bg5 Nf8 13. Bh4 Ng6 14. Bg3 Qd7 15. Qc2 Nh5 16. Rad1 Qe7 17. Qd2 h6 18. Bc2 Bc6 19. Rb1 Qf6 20. Qd1 Nhf4 21. d5 Bd7 22. Ba4 Qe7 23. Bxd7 Qxd7 24. Nh4 Nxh4 25. Bxh4 Rf8 26. Bg3 Ng6 27. h3 f5 28. Qh5 Kh7 29. Bh2 Rf6 30. Qe2 Raf8 31. f3 Kg8 32. Qc2 R8f7 33. a4 a5 34. Rb5 fxe4 35. Qxe4 Nf4 36. Bxf4 Rxf4 37. Qe2 R7f5 38. c5 dxc5 39. g4 Rf6 40. Qxe5 Rxf3 41. Qe8+ Qxe8 42. Rxe8+ Kh7 43. Rc8 Rxh3 44. Rxc7 Rg3+ 45. Kh2 Rxg4 46. Rc6 Rf5 47. Kh3 Rxa4 48. d6 Rd5 49. Rbxb6 Rd3+ 50. Kg2 Ra2+ 0-1

[Event "Cologne Chess Days op"]
[Site "Cologne"]
[Date "2010.08.22"]
[Round "5"]
[White "Runte, Dirk"]
[Black "Gnass, Arno"]
[Result "0-1"]
[WhiteElo "1584"]
[BlackElo "1870"]
[PlyCount "46"]
[EventDate "2010.08.20"]
[EventType "swiss"]
[EventRounds "5"]
[EventCountry "GER"]
[SourceTitle "EXT 2011"]
[Source "ChessBase"]
[SourceDate "2010.11.26"]
[SourceVersion "1"]
[SourceVersionDate "2010.11.26"]
[SourceQuality "1"]

1. d4 d5 2. Nf3 Nf6 3. e3 e6 4. Bd3 Bd6 5. c3 0-0 6. 0-0 Nbd7 7. b3 e5 8. Bf5 e4 9. Nfd2 Re8 10. Bb2 Nf8 11. Bxc8 Rxc8 12. c4 c6 13. f3 exf3 14. Rxf3 Ng4 15. Nf1 Qc7 16. h3 Nf6 17. c5 Be7 18. Nbd2 Ng6 19. Qe1 Bf8 20. Qg3 Qxg3 21. Rxg3 Rc7 22. Re1 Rce7 23. Nf3 Ne4 0-1

[Event "Cologne Ford op"]
[Site "Cologne"]
[Date "2010.06.07"]
[Round "7"]
[White "Gnass, Arno"]
[Black "Cramer, Volker"]
[Result "0-1"]
[WhiteElo "1577"]
[BlackElo "2094"]
[PlyCount "70"]
[EventDate "2010.04.19"]
[EventType "swiss"]
[EventRounds "7"]
[EventCountry "GER"]
[SourceTitle "EXT 2011"]
[Source "ChessBase"]
[SourceDate "2010.11.26"]
[SourceVersion "1"]
[SourceVersionDate "2010.11.26"]
[SourceQuality "1"]

1. d4 e6 2. Nf3 c5 3. g3 cxd4 4. Nxd4 Nc6 5. Bg2 d5 6. 0-0 Bc5 7. e3 Nf6 8. a3 e5 9. Nxc6 bxc6 10. b4 Bb6 11. Bb2 Qe7 12. c4 Bg4 13. Qa4 Bd7 14. Qc2 0-0 15. Nd2 h5 16. Nf3 e4 17. Ne5 Rac8 18. Nxd7 Nxd7 19. Qe2 Qg5 20. h4 Qf5 21. Kh2 Ne5 22. Bxe5 Qxe5 23. Qc2 g5 24. hxg5 h4 25. Bh3 Rcd8 26. Qe2 Kg7 27. Rab1 Rh8 28. c5 Bc7 29. Qb2 hxg3+ 30. Kg2 d4 31. exd4 Qxg5 32. d5+ Be5 33. Qc1 Qg6 34. Rb3 Rxh3 35. Rxg3 Rxg3+ 0-1

[Event "Cologne Ford op"]
[Site "Cologne"]
[Date "2010.05.03"]
[Round "3"]
[White "Schreiber, Gudrun"]
[Black "Gnass, Arno"]
[Result "0-1"]
[WhiteElo "1369"]
[BlackElo "1577"]
[PlyCount "113"]
[EventDate "2010.04.19"]
[EventType "swiss"]
[EventRounds "7"]
[EventCountry "GER"]
[SourceTitle "EXT 2011"]
[Source "ChessBase"]
[SourceDate "2010.11.26"]
[SourceVersion "1"]
[SourceVersionDate "2010.11.26"]
[SourceQuality "1"]

1. e4 e5 2. d4 exd4 3. Bc4 Nc6 4. Nf3 h6 5. Nxd4 Ne5 6. Bb3 Nf6 7. 0-0 d6 8. h3 Be7 9. Nc3 0-0 10. Qe2 Nc6 11. Nxc6 bxc6 12. Re1 Bd7 13. Bf4 Re8 14. Rad1 Bf8 15. Rd3 Nxe4 16. Qh5 Ng5 17. Rxe8 Bxe8 18. Bxg5 Qxg5 19. Qxg5 hxg5 20. Rf3 d5 21. Ne2 Bd7 22. g4 Re8 23. Re3 Rxe3 24. fxe3 f5 25. gxf5 Bxf5 26. Kg2 Bc5 27. Nd4 Bd7 28. c4 dxc4 29. Bxc4+ Kf8 30. Be2 Ke7 31. Bg4 Bxg4 32. hxg4 Bxd4 33. exd4 Kd6 34. Kf3 Kd5 35. Ke3 a5 36. b3 c5 37. dxc5 Kxc5 38. Kd3 Kb4 39. Kc2 c6 40. Kb2 Kc5 41. Kc3 Kd5 42. Kd3 Ke5 43. Ke3 c5 44. a3 Kd5 45. Kd3 g6 46. a4 Kc6 47. Ke4 Kd6 48. Ke3 Ke5 49. Kd3 Kf4 50. Kc4 Kxg4 51. Kxc5 Kf4 52. b4 g4 53. b5 g3 54. b6 g2 55. b7 g1Q+ 56. Kc6 Qa7 57. Kc7 0-1

[Event "Leverkusen-ch op"]
[Site "Leverkusen"]
[Date "2010.04.12"]
[Round "6"]
[White "Axmann, Michael"]
[Black "Gnass, Arno"]
[Result "0-1"]
[WhiteElo "1675"]
[BlackElo "1877"]
[PlyCount "106"]
[EventDate "2010.01.18"]
[EventType "swiss"]
[EventRounds "7"]
[EventCountry "GER"]
[SourceTitle "EXT 2011"]
[Source "ChessBase"]
[SourceDate "2010.11.26"]
[SourceVersion "1"]
[SourceVersionDate "2010.11.26"]
[SourceQuality "1"]

1. d4 d5 2. Nf3 Nf6 3. Bg5 e6 4. Nbd2 Be7 5. e3 0-0 6. Bd3 c5 7. c3 b6 8. Qc2 c4 9. Be2 Nbd7 10. b3 b5 11. 0-0 h6 12. Bh4 Bb7 13. bxc4 bxc4 14. Rab1 Bc6 15. Bg3 Qa5 16. Ne5 Nxe5 17. Bxe5 Nd7 18. Bg3 Ba4 19. Qb2 Bc6 20. Bf3 Ba3 21. Qa1 Ba4 22. Nxc4 dxc4 23. Bxa8 Rxa8 24. f3 Bc2 25. Rb7 Nb6 26. Rf2 Bd3 27. Bc7 Qa6 28. Rb8+ Rxb8 29. Bxb8 Nd5 30. e4 Nf6 31. Bf4 Qa4 32. g3 Nd7 33. Qe1 Qa5 34. h4 e5 35. Be3 Nf8 36. Kg2 exd4 37. Bxd4 Ne6 38. Be3 a6 39. Bc1 Bc5 40. Rb2 Qc7 41. Qd1 Bd6 42. Qe1 Nc5 43. Be3 Na4 44. Rd2 Nxc3 45. Qf2 Nb5 46. Bb6 Qe7 47. a4 Nc7 48. Ba5 Ne6 49. Qb6 Nc5 50. Qc6 Kh7 51. Bb4 g6 52. Qd5 Qe6 53. Qc6 Nxe4 0-1

[Event "Cologne Chess Days op"]
[Site "Cologne"]
[Date "2009.08.29"]
[Round "5"]
[White "Gnass, Arno"]
[Black "Effertz, Josef"]
[Result "0-1"]
[WhiteElo "1885"]
[BlackElo "1903"]
[PlyCount "100"]
[EventDate "2009.08.27"]
[EventType "swiss"]
[EventRounds "7"]
[EventCountry "GER"]
[SourceTitle "EXT 2011"]
[Source "ChessBase"]
[SourceDate "2010.11.26"]
[SourceVersion "1"]
[SourceVersionDate "2010.11.26"]
[SourceQuality "1"]

1. d4 Nf6 2. Nf3 e6 3. g3 b6 4. Bg2 d5 5. 0-0 Be7 6. c4 c6 7. cxd5 cxd5 8. b3 0-0 9. Bb2 Bb7 10. Nbd2 Nc6 11. Rc1 Rc8 12. a3 a5 13. e3 Bd6 14. Re1 Qe7 15. Nb1 Rc7 16. Re2 Rfc8 17. Rec2 Na7 18. Qe2 Ne4 19. Ne5 Rxc2 20. Rxc2 Rxc2 21. Qxc2 Qc7 22. Bxe4 dxe4 23. Qxc7 Bxc7 24. Nc4 b5 25. Ncd2 Bc6 26. Nc3 f5 27. Ne2 Nc8 28. h4 Kf7 29. Kg2 Nb6 30. Nf4 Nd5 31. Nxd5 Bxd5 32. Kf1 Bd6 33. Ke1 Kg6 34. Kd1 Kh5 35. Bc3 a4 36. bxa4 bxa4 37. Bb4 Bxb4 38. axb4 a3 39. Kc1 a2 40. Kb2 Kg4 41. b5 Kh3 42. b6 Kg2 43. Nb3 Kxf2 44. Nc5 Kxe3 45. Nxe6 Kf3 46. Nf4 e3 47. Nd3 Kxg3 48. Nb4 e2 49. Nd3 f4 50. b7 Bxb7 0-1

[Event "Cologne Chess Days op"]
[Site "Cologne"]
[Date "2009.08.29"]
[Round "6"]
[White "Van Schyndel, Andreas"]
[Black "Gnass, Arno"]
[Result "1-0"]
[WhiteElo "1696"]
[BlackElo "1885"]
[PlyCount "67"]
[EventDate "2009.08.27"]
[EventType "swiss"]
[EventRounds "7"]
[EventCountry "GER"]
[SourceTitle "EXT 2011"]
[Source "ChessBase"]
[SourceDate "2010.11.26"]
[SourceVersion "1"]
[SourceVersionDate "2010.11.26"]
[SourceQuality "1"]

1. d4 d5 2. c4 Nc6 3. Nc3 e5 4. cxd5 Nxd4 5. e3 Nf5 6. Nf3 Bd6 7. e4 Nfe7 8. Bb5+ Bd7 9. Qb3 c6 10. Bc4 Qb6 11. dxc6 Bxc6 12. Bxf7+ Kf8 13. Be3 Qxb3 14. Bxb3 Nf6 15. 0-0-0 Bb4 16. Nxe5 Bxc3 17. Nxc6 Bxb2+ 18. Kxb2 Nxc6 19. Bc5+ Ke8 20. Rd6 Nd7 21. Be3 h6 22. Rhd1 Rd8 23. Ba4 b5 24. Rxc6 bxa4 25. Bxa7 Ra8 26. Rc7 Ne5 27. Bd4 a3+ 28. Kc3 Ng4 29. f3 Nf6 30. Rxg7 Ra6 31. Rb1 Kf8 32. Rc7 Rg8 33. Bxf6 Ra8 34. g4 1-0

[Event "Cologne Chess Days op"]
[Site "Cologne"]
[Date "2009.08.28"]
[Round "3"]
[White "Gnass, Arno"]
[Black "Gail, Edgar"]
[Result "0-1"]
[WhiteElo "1885"]
[BlackElo "1514"]
[PlyCount "144"]
[EventDate "2009.08.27"]
[EventType "swiss"]
[EventRounds "7"]
[EventCountry "GER"]
[SourceTitle "EXT 2011"]
[Source "ChessBase"]
[SourceDate "2010.11.26"]
[SourceVersion "1"]
[SourceVersionDate "2010.11.26"]
[SourceQuality "1"]

1. d4 d5 2. c4 e6 3. Nf3 c5 4. cxd5 exd5 5. dxc5 Bxc5 6. e3 Nf6 7. Be2 0-0 8. 0-0 Nc6 9. a3 a6 10. b4 Ba7 11. Bb2 Be6 12. Nc3 Qe7 13. Rc1 Rfd8 14. Na4 Rac8 15. Nc5 Ne4 16. Nd4 Nxc5 17. Nxc6 Rxc6 18. bxc5 Bxc5 19. Qa4 Bf5 20. Rfd1 Rh6 21. Qf4 Be4 22. Bf3 Bd6 23. Qg4 Rg6 24. Qh3 Bxh2+ 25. Kf1 Be5 26. Bxe5 Qxe5 27. Rc8 Rgd6 28. Rdc1 Bd3+ 29. Kg1 Bc4 30. Qg4 Qe6 31. Rxd8+ Rxd8 32. Qd4 Qd6 33. Rxc4 dxc4 34. Qxc4 b5 35. Qb3 Rc8 36. g3 Rc4 37. Be2 Rc1+ 38. Kg2 Qd2 39. Bd3 Rc3 40. Bxh7+ Kxh7 41. Qxf7 Rc6 42. Qh5+ Rh6 43. Qf5+ Kg8 44. Qc8+ Kf7 45. Qc7+ Kf6 46. Qf4+ Ke7 47. Qe5+ Re6 48. Qxg7+ Kd6 49. Qa7 Qd5+ 50. Kg1 Qc6 51. Qd4+ Kc7 52. Qa7+ Qb7 53. Qc5+ Rc6 54. Qe5+ Kb6 55. Qd4+ Rc5 56. Qf6+ Qc6 57. Qd8+ Qc7 58. Qf6+ Ka5 59. Qd4 Rc1+ 60. Kg2 Qc6+ 61. e4 Qc4 62. Qd8+ Ka4 63. Qa8 Qf1+ 64. Kf3 Qh1+ 65. Kg4 Qd1+ 66. f3 Qd7+ 67. Kf4 Qf7+ 68. Kg4 Qg6+ 69. Kf4 Rc6 70. Qd8 Rf6+ 71. Ke3 Qg5+ 72. Kf2 Rxf3+ 0-1

[Event "Cologne Chess Days op"]
[Site "Cologne"]
[Date "2009.08.27"]
[Round "1"]
[White "Gnass, Arno"]
[Black "Melters, Hans"]
[Result "1-0"]
[WhiteElo "1885"]
[BlackElo "1239"]
[PlyCount "49"]
[EventDate "2009.08.27"]
[EventType "swiss"]
[EventRounds "7"]
[EventCountry "GER"]
[SourceTitle "EXT 2011"]
[Source "ChessBase"]
[SourceDate "2010.11.26"]
[SourceVersion "1"]
[SourceVersionDate "2010.11.26"]
[SourceQuality "1"]

1. d4 e5 2. dxe5 Nc6 3. Nf3 Bc5 4. b3 Nge7 5. Bb2 0-0 6. e3 d5 7. Nc3 Bg4 8. Na4 Bb4+ 9. c3 Ba5 10. b4 Bb6 11. Nxb6 axb6 12. Be2 Bxf3 13. gxf3 Nxe5 14. Qb3 c6 15. Rg1 N7g6 16. f4 Nc4 17. Bxc4 dxc4 18. Qxc4 Qh4 19. Qf1 Rad8 20. Qg2 Qh6 21. c4 Rfe8 22. Rd1 Nxf4 23. Qxg7+ Qxg7 24. Rxg7+ Kf8 25. Rxd8 1-0

[Event "Cologne Ford op"]
[Site "Cologne"]
[Date "2009.06.15"]
[Round "7"]
[White "Linke, Michael"]
[Black "Gnass, Arno"]
[Result "1-0"]
[WhiteElo "1632"]
[BlackElo "1572"]
[PlyCount "125"]
[EventDate "2009.04.27"]
[EventType "swiss"]
[EventRounds "7"]
[EventCountry "GER"]
[SourceTitle "EXT 2011"]
[Source "ChessBase"]
[SourceDate "2010.11.26"]
[SourceVersion "1"]
[SourceVersionDate "2010.11.26"]
[SourceQuality "1"]

1. e4 e5 2. Nf3 Nf6 3. Nxe5 d6 4. Nf3 Nxe4 5. Nc3 Nxc3 6. dxc3 Be7 7. Be3 Nd7 8. Qd2 0-0 9. 0-0-0 Nf6 10. Bc4 c6 11. h3 b5 12. Bd3 Be6 13. Nd4 Bd7 14. Nf5 Bxf5 15. Bxf5 Nd5 16. Kb1 Nxe3 17. Qxe3 d5 18. Qf3 g6 19. Bd3 Bf6 20. h4 h5 21. g4 hxg4 22. Qxg4 Qc8 23. Qf3 Qe6 24. Rdg1 Bg7 25. h5 Qf6 26. Qxf6 Bxf6 27. hxg6 fxg6 28. Bxg6 Bg7 29. Bh7+ Kf7 30. Rh3 Bf6 31. Re3 Be7 32. Bg6+ Kf6 33. Rf3+ Ke5 34. Re1+ Kd6 35. Rfe3 Bf6 36. Re6+ Kc5 37. f4 a5 38. f5 b4 39. cxb4+ axb4 40. Rh1 Ra7 41. Rh6 Bg5 42. Rh5 Bf6 43. Be8 Re7 44. Rxc6+ Kb5 45. Rxf6+ Rexe8 46. a4+ Kxa4 47. Rxf8 Rxf8 48. Kc1 Kb5 49. Kd2 Rg8 50. f6 Rf8 51. Rxd5+ Kc4 52. Rf5 Kd4 53. c3+ Ke4 54. Rf1 b3 55. c4 Kd4 56. Rf4+ Ke5 57. Ke3 Rd8 58. f7 Rf8 59. Rf1 Kd6 60. Kd4 Ke7 61. Kc3 Kd6 62. Kxb3 Kc5 63. Kc3 1-0

[Event "Cologne Ford op"]
[Site "Cologne"]
[Date "2009.05.25"]
[Round "5"]
[White "Bekritski, Evgeni"]
[Black "Gnass, Arno"]
[Result "1-0"]
[WhiteElo "1935"]
[BlackElo "1572"]
[PlyCount "55"]
[EventDate "2009.04.27"]
[EventType "swiss"]
[EventRounds "7"]
[EventCountry "GER"]
[SourceTitle "EXT 2011"]
[Source "ChessBase"]
[SourceDate "2010.11.26"]
[SourceVersion "1"]
[SourceVersionDate "2010.11.26"]
[SourceQuality "1"]

1. b3 d6 2. Bb2 e5 3. c4 Nf6 4. e3 g6 5. d3 Bg7 6. Nd2 0-0 7. Qc2 b6 8. Ngf3 Bb7 9. Be2 Nbd7 10. 0-0 Nc5 11. b4 e4 12. bxc5 exf3 13. Bxf3 Bxf3 14. Nxf3 bxc5 15. Bc3 Qd7 16. Rab1 Rab8 17. a4 c6 18. Rb3 Rxb3 19. Qxb3 Qc7 20. Rb1 Nd7 21. Bxg7 Kxg7 22. h3 Kg8 23. Qb7 Qb8 24. Nd2 Rd8 25. Qxc6 Ne5 26. Qd5 Qa8 27. Rb7 Rd7 28. Rxd7 1-0

[Event "Cologne Ford op"]
[Site "Cologne"]
[Date "2009.05.04"]
[Round "2"]
[White "Gnass, Arno"]
[Black "Behr, Ludwig"]
[Result "1-0"]
[WhiteElo "1572"]
[BlackElo "1300"]
[PlyCount "85"]
[EventDate "2009.04.27"]
[EventType "swiss"]
[EventRounds "7"]
[EventCountry "GER"]
[SourceTitle "EXT 2011"]
[Source "ChessBase"]
[SourceDate "2010.11.26"]
[SourceVersion "1"]
[SourceVersionDate "2010.11.26"]
[SourceQuality "1"]

1. d4 Nf6 2. c4 e6 3. g3 d5 4. Bg2 Nbd7 5. Qc2 c5 6. cxd5 Nxd5 7. dxc5 Qa5+ 8. Bd2 Qxc5 9. Qxc5 Bxc5 10. a3 Ne5 11. Nc3 Nc4 12. Nxd5 exd5 13. Rc1 Bb6 14. Bxd5 Nxd2 15. Kxd2 0-0 16. Ke1 Rb8 17. Nf3 Be6 18. Bxe6 fxe6 19. Rf1 Rbc8 20. Rxc8 Rxc8 21. Kd1 Rd8+ 22. Kc2 h6 23. e3 Rf8 24. Nd2 Rc8+ 25. Kd3 Rd8+ 26. Ke2 Rc8 27. Rb1 Rc2 28. Kd3 Rc5 29. b4 Rd5+ 30. Ke2 Rh5 31. h4 Bc7 32. Ne4 b6 33. Rc1 Be5 34. Rc8+ Kh7 35. f4 Bb2 36. Rc7 Rf5 37. Rxa7 Kg6 38. g4 Rd5 39. h5+ Kh7 40. g5 hxg5 41. Nxg5+ Kh6 42. Ra6 Rd6 43. Nf7+ 1-0

[Event "Leverkusen-ch op"]
[Site "Leverkusen"]
[Date "2009.04.20"]
[Round "7"]
[White "Gnass, Arno"]
[Black "Mueller, Tim"]
[Result "0-1"]
[WhiteElo "1685"]
[BlackElo "1609"]
[PlyCount "52"]
[EventDate "2009.01.12"]
[EventType "swiss"]
[EventRounds "7"]
[EventCountry "GER"]
[SourceTitle "EXT 2010"]
[Source "ChessBase"]
[SourceDate "2010.11.25"]
[SourceVersion "1"]
[SourceVersionDate "2010.11.25"]
[SourceQuality "1"]

1. d4 d5 2. c4 e6 3. Nf3 Nf6 4. e3 c5 5. cxd5 Nxd5 6. Nc3 Nc6 7. Bb5 a6 8. Bxc6+ bxc6 9. Qa4 Bd7 10. Ne5 Nb6 11. Qd1 Be7 12. Qf3 0-0 13. dxc5 Bxc5 14. Nxc6 Qc7 15. Nd4 Bb4 16. Bd2 Nc4 17. a3 Nxd2 18. Kxd2 Bxc3+ 19. bxc3 Rfd8 20. Kc2 Ba4+ 21. Nb3 Qc4 22. Rab1 Rac8 23. e4 Rb8 24. Rhd1 Bxb3+ 25. Kc1 Bxd1 26. Rxb8 Rxb8 0-1

[Event "Leverkusen-ch op"]
[Site "Leverkusen"]
[Date "2008.03.16"]
[Round "6"]
[White "Gnass, Arno"]
[Black "Depping, Thomas"]
[Result "1-0"]
[WhiteElo "1639"]
[BlackElo "1601"]
[PlyCount "71"]
[EventDate "2008.01.14"]
[EventType "swiss"]
[EventRounds "7"]
[EventCountry "GER"]
[SourceTitle "EXT 2010"]
[Source "ChessBase"]
[SourceDate "2010.11.25"]
[SourceVersion "1"]
[SourceVersionDate "2010.11.25"]
[SourceQuality "1"]

1. d4 Nf6 2. c4 g6 3. Nc3 Bg7 4. e4 d6 5. Nf3 0-0 6. Be2 e5 7. dxe5 dxe5 8. Qxd8 Rxd8 9. 0-0 Nc6 10. Bg5 h6 11. Bxf6 Bxf6 12. Nd5 Bg7 13. Nxc7 Rb8 14. Nd5 Bg4 15. Rad1 Bxf3 16. gxf3 Nd4 17. Rfe1 Kf8 18. Kg2 Nc2 19. Rg1 Nd4 20. Bd3 g5 21. Ne3 Ne6 22. Nd5 Nd4 23. b3 f6 24. Rd2 Kf7 25. Rgd1 Bf8 26. b4 b6 27. Rb2 Rdc8 28. Rdb1 Kg6 29. a4 Nc6 30. h4 Bd6 31. h5+ Kf7 32. c5 bxc5 33. bxc5 Bxc5 34. Rb7+ Rxb7 35. Rxb7+ Kg8 36. Nxf6+ 1-0